Visualizzazione normale
Vista MARC
- Hazlewood M.
di Personal Name
Records bibliografici associati: 1
001 - CONTROL NUMBER
- control field: 9235
003 - CONTROL NUMBER IDENTIFIER
- control field: IT-RoPau
005 - DATE AND TIME OF LATEST TRANSACTION
- control field: 20140114215440.0
008 - FIXED-LENGTH DATA ELEMENTS
- fixed length control field: 140114|| aca||aabn | a|a d
040 ## - CATALOGING SOURCE
- Original cataloging agency: IT-RoPau
- Transcribing agency: IT-RoPau
100 ## - HEADING--PERSONAL NAME
- Personal name: Hazlewood M.
- Miscellaneous information: Codice autore SPICS: 14449
- Relator term: Autore
- Name of part/section of a work: The Air That I Breathe
670 ## - SOURCE DATA FOUND
- Source citation: Work cat.: (IT-RoPau)99687: AA.VV. 794, Emmanuelle (Il Guardiano del faro)